00441nam a2200133Ia 4500008004100000020001800041100001700059245005600076260003100132650001500163942000700178999001700185952010500202240827s9999 xx 000 0 und d a9781598422429 aDesmond Tutu 0aPeace: The Words And Inspiration of Mahatma Gandhi  bBlue Mountain ArtsĀ c2007 aSC/ST Cell cBK c27150d27150 001040708TXBaCURAJbCURAJcCURAJd2024-08-27l0o954.035 B62Wp43586r2024-08-27w2024-08-27yBK